| 000 | 00506nam a22001817a 4500 | ||
|---|---|---|---|
| 003 | OSt | ||
| 005 | 20180116183106.0 | ||
| 008 | 170809b xxu||||| |||| 00| 0 eng d | ||
| 020 | _a0 | ||
| 040 | _c0 | ||
| 082 | _a333.79 BUT 1983 | ||
| 100 | _aM.H. Masud Butt | ||
| 245 |
_aEnergy Resources in Muslim Countries _cM.H. Masud Butt |
||
| 260 |
_aIslamabad _bNational Science Council _c1983 |
||
| 300 |
_a318p. _bHB |
||
| 440 | _aEnergy Resources in Muslim Countries | ||
| 942 |
_2ddc _cBK _k333.79 BUT 1983 |
||
| 999 |
_c352063 _d352063 |
||